[Event "Montreal Mercredi 08"]
[Site "Montreal"]
[Date "2012.09.26"]
[Round "5"]
[White "Le Bas, Nicolas"]
[Black "Cote, Philippe"]
[Result "0-1"]
[WhiteElo "1614"]
[BlackElo "1655"]
[PlyCount "32"]
[EventDate "2012.08.29"]
[EventType "swiss"]
[EventRounds "5"]
[EventCountry "CAN"]
[SourceTitle "EXT 2022"]
[Source "ChessBase"]
[SourceDate "2021.10.06"]
[SourceVersion "1"]
[SourceVersionDate "2021.10.06"]
[SourceQuality "1"]

1. e4 d6 2. d4 Nf6 3. Nc3 g6 4. Bg5 Bg7 5. Qd2 0-0 6. 0-0-0 c6 7. f3 b5 8. Nge2 Nbd7 9. g4 Nb6 10. Nf4 h6 11. Bxf6 exf6 12. d5 b4 13. Nb1 c5 14. Bb5 Bd7 15. Bc6 f5 16. gxf5 Nc4 0-1

[Event "Montreal Mercredi 08"]
[Site "Montreal"]
[Date "2012.09.12"]
[Round "3"]
[White "O'Connor, Michael"]
[Black "Le Bas, Nicolas"]
[Result "1-0"]
[WhiteElo "1619"]
[BlackElo "1614"]
[PlyCount "101"]
[EventDate "2012.08.29"]
[EventType "swiss"]
[EventRounds "5"]
[EventCountry "CAN"]
[SourceTitle "EXT 2022"]
[Source "ChessBase"]
[SourceDate "2021.10.06"]
[SourceVersion "1"]
[SourceVersionDate "2021.10.06"]
[SourceQuality "1"]

1. d4 Nf6 2. Nf3 g6 3. c4 Bg7 4. Nc3 0-0 5. e4 d6 6. Be2 Nc6 7. h3 e5 8. d5 Ne7 9. b4 Ne8 10. Bg5 h6 11. Bh4 g5 12. Bg3 f5 13. Nd2 Nf6 14. f3 b6 15. Rc1 Ng6 16. c5 Nh5 17. Bf2 Nhf4 18. g3 Nxe2 19. Qxe2 bxc5 20. bxc5 a5 21. a4 Rf7 22. Nb5 Ba6 23. exf5 Rxf5 24. Qe4 Ne7 25. cxd6 cxd6 26. 0-0 Bb7 27. Nc3 Rf6 28. Rb1 Qc8 29. Rfc1 Ba6 30. Kg2 Qf5 31. Qxf5 Nxf5 32. Nde4 Rg6 33. Nb5 Bxb5 34. Rxb5 Bf6 35. Rc6 Bd8 36. g4 Nh4+ 37. Bxh4 gxh4 38. Rxd6 Rxd6 39. Nxd6 Kf8 40. Kf2 Bg5 41. Rc5 Ke7 42. Nf5+ Kd7 43. Ke2 Rb8 44. Rxa5 Rb2+ 45. Kd3 Rd2+ 46. Kc4 Rh2 47. Kc5 Rxh3 48. Ra7+ Kc8 49. Kc6 Kb8 50. Rb7+ Kc8 51. d6 1-0

[Event "Montreal Mercredi 08"]
[Site "Montreal"]
[Date "2012.09.05"]
[Round "2"]
[White "Le Bas, Nicolas"]
[Black "Boyer, Eric"]
[Result "0-1"]
[WhiteElo "1614"]
[BlackElo "1637"]
[PlyCount "44"]
[EventDate "2012.08.29"]
[EventType "swiss"]
[EventRounds "5"]
[EventCountry "CAN"]
[SourceTitle "EXT 2022"]
[Source "ChessBase"]
[SourceDate "2021.10.06"]
[SourceVersion "1"]
[SourceVersionDate "2021.10.06"]
[SourceQuality "1"]

1. e4 e6 2. d4 d5 3. Nc3 Nf6 4. Bg5 Be7 5. e5 Nfd7 6. Bxe7 Qxe7 7. f4 0-0 8. Nf3 c5 9. Qd2 a6 10. Be2 Nc6 11. a4 f6 12. exf6 Qxf6 13. f5 cxd4 14. Nxd5 exd5 15. g4 Nde5 16. h3 d3 17. cxd3 Nxf3+ 18. Bxf3 Qe5+ 19. Kf2 Nd4 20. Bg2 Bxf5 21. Rhe1 Be4+ 22. Kg1 Qg3 0-1

[Event "Montreal Mercredi 08"]
[Site "Montreal"]
[Date "2012.08.29"]
[Round "1"]
[White "Munshi, Shawkat"]
[Black "Le Bas, Nicolas"]
[Result "0-1"]
[WhiteElo "1655"]
[BlackElo "1614"]
[PlyCount "125"]
[EventDate "2012.08.29"]
[EventType "swiss"]
[EventRounds "5"]
[EventCountry "CAN"]
[SourceTitle "EXT 2022"]
[Source "ChessBase"]
[SourceDate "2021.10.06"]
[SourceVersion "1"]
[SourceVersionDate "2021.10.06"]
[SourceQuality "1"]

1. Nf3 Nf6 2. e3 c5 3. b3 g6 4. Bb2 Bg7 5. c4 0-0 6. Be2 Nc6 7. 0-0 Qc7 8. d4 d6 9. d5 Nd8 10. Qc2 e5 11. Nbd2 Nh5 12. Ne1 f5 13. Bxh5 gxh5 14. f4 Bf6 15. Nef3 Qg7 16. Kh1 Nf7 17. Rg1 e4 18. Bxf6 Qxf6 19. Ng5 Nxg5 20. fxg5 Qxg5 21. Rae1 Bd7 22. a4 Rae8 23. Nb1 Re7 24. Nc3 a6 25. Qd2 f4 26. exf4 Qxf4 27. Qxf4 Rxf4 28. Re3 Bf5 29. Rge1 Rf7 30. Kg1 Re7 31. g3 Rg4 32. Kg2 h4 33. Rf1 Rf7 34. Rfe1 Re7 35. a5 hxg3 36. hxg3 h5 37. Rh1 Rh7 38. Rh4 Rxh4 39. gxh4 Rg7+ 40. Rg3 e3 41. Rxg7+ Kxg7 42. Na4 Bc2 43. Kf3 e2 44. Kxe2 Kf6 45. Ke3 Kf5 46. Kf3 Bxb3 47. Nb6 Ke5 48. Ke3 Kf5 49. Kf3 Bd1+ 50. Kg3 Bg4 51. Nd7 Be2 52. Nb6 Ke4 53. Kf2 Bg4 54. Kg3 Kd4 55. Kf4 Kc3 56. Kg5 Kb4 57. Kf6 Kxa5 58. Na8 b5 59. cxb5 Kxb5 60. Ke7 c4 61. Kxd6 c3 62. Nc7+ Kc4 63. Ke5 0-1

[Event "Quebec op U2000"]
[Site "Montreal"]
[Date "2012.07.24"]
[Round "5"]
[White "Le Bas, Nicolas"]
[Black "Shi, Ling Yun"]
[Result "1-0"]
[WhiteElo "1655"]
[BlackElo "1618"]
[PlyCount "45"]
[EventDate "2012.07.21"]
[EventType "swiss"]
[EventRounds "9"]
[EventCountry "CAN"]
[SourceTitle "EXT 2022"]
[Source "ChessBase"]
[SourceDate "2021.10.06"]
[SourceVersion "1"]
[SourceVersionDate "2021.10.06"]
[SourceQuality "1"]

1. e4 c5 2. Nf3 Nc6 3. d4 cxd4 4. Nxd4 Nf6 5. Nc3 d6 6. f3 Bd7 7. Be3 g6 8. Qd2 Bg7 9. g4 a6 10. h4 h6 11. Nb3 Ne5 12. Be2 Be6 13. 0-0-0 Bxb3 14. axb3 b5 15. g5 Ng8 16. Nd5 Nd7 17. Bd4 f6 18. b4 Rh7 19. f4 fxg5 20. hxg5 h5 21. f5 e6 22. fxg6 exd5 23. gxh7 1-0

[Event "Quebec op U2000"]
[Site "Montreal"]
[Date "2012.07.22"]
[Round "2"]
[White "Chevalier, Francois"]
[Black "Le Bas, Nicolas"]
[Result "1-0"]
[WhiteElo "1808"]
[BlackElo "1655"]
[PlyCount "105"]
[EventDate "2012.07.21"]
[EventType "swiss"]
[EventRounds "9"]
[EventCountry "CAN"]
[SourceTitle "EXT 2022"]
[Source "ChessBase"]
[SourceDate "2021.10.06"]
[SourceVersion "1"]
[SourceVersionDate "2021.10.06"]
[SourceQuality "1"]

1. e4 e5 2. Nf3 Nc6 3. Bb5 a6 4. Ba4 b5 5. Bb3 Nf6 6. Qe2 Be7 7. c3 0-0 8. d4 Re8 9. d5 Na5 10. Bc2 d6 11. 0-0 c5 12. h3 h6 13. Re1 Bd7 14. Nbd2 Nb7 15. b3 a5 16. c4 b4 17. Nf1 a4 18. Bd2 Qa5 19. Ng3 axb3 20. axb3 Qxa1 21. Rxa1 Rxa1+ 22. Kh2 Rea8 23. Nf5 Bf8 24. g4 Nh7 25. h4 R8a3 26. h5 Na5 27. g5 Nxb3 28. Bxb3 Rxb3 29. gxh6 g6 30. hxg6 fxg6 31. N5h4 Bg4 32. Be3 Rbb1 33. Qd2 Bh5 34. Kg3 Be7 35. Ng2 Rd1 36. Qb2 g5 37. Bxc5 Rab1 38. Qa2 dxc5 39. Qa8+ Nf8 40. Qb7 Ng6 41. Nxg5 Rh1 42. d6 Rb3+ 43. Ne3 Rg1+ 44. Kh2 Rxg5 45. dxe7 Nf4 46. Qc8+ Kh7 47. e8Q Bxe8 48. Qxe8 Rb1 49. Qf7+ Kxh6 50. Nf5+ Rxf5 51. Qxf5 Rb3 52. Qxe5 Rh3+ 53. Kg1 1-0

[Event "Montreal Mercredi 05"]
[Site "Montreal"]
[Date "2012.05.30"]
[Round "3"]
[White "Bergeron, Rene"]
[Black "Le Bas, Nicolas"]
[Result "1-0"]
[WhiteElo "1766"]
[BlackElo "1682"]
[PlyCount "59"]
[EventDate "2012.05.16"]
[EventType "swiss"]
[EventRounds "5"]
[EventCountry "CAN"]
[SourceTitle "EXT 2022"]
[Source "ChessBase"]
[SourceDate "2021.10.06"]
[SourceVersion "1"]
[SourceVersionDate "2021.10.06"]
[SourceQuality "1"]

1. c4 Nf6 2. Nc3 g6 3. g3 Bg7 4. Bg2 0-0 5. Nf3 d6 6. Rb1 Bf5 7. d3 Qc8 8. 0-0 Nc6 9. Re1 e5 10. Nd2 Nd7 11. b4 Nb6 12. a4 a5 13. b5 Nb4 14. Ba3 Nxd3 15. exd3 Bxd3 16. Rc1 f5 17. c5 dxc5 18. Bxc5 Re8 19. Bxb6 cxb6 20. Nd5 Qd8 21. Nc7 e4 22. Nxa8 Qxa8 23. Qb3+ Kh8 24. Nc4 Qd8 25. Nb2 Rf8 26. Nxd3 exd3 27. Rcd1 d2 28. Re2 Bh6 29. Qc3+ Kg8 30. f4 1-0

[Event "Montreal Mercredi 02"]
[Site "Montreal"]
[Date "2012.03.14"]
[Round "4"]
[White "Le Bas, Nicolas"]
[Black "Amesse, Louis Philippe"]
[Result "1-0"]
[WhiteElo "1568"]
[BlackElo "1602"]
[PlyCount "37"]
[EventDate "2012.02.22"]
[EventType "swiss"]
[EventRounds "5"]
[EventCountry "CAN"]
[SourceTitle "EXT 2022"]
[Source "ChessBase"]
[SourceDate "2021.10.06"]
[SourceVersion "1"]
[SourceVersionDate "2021.10.06"]
[SourceQuality "1"]

1. e4 d5 2. exd5 Nf6 3. c4 e6 4. dxe6 Bxe6 5. d4 Bb4+ 6. Nc3 Qe7 7. Be3 Ne4 8. Qc2 Bf5 9. Bd3 Nc6 10. Nge2 0-0-0 11. 0-0 Rhe8 12. a3 Nxc3 13. bxc3 g6 14. a4 Nb8 15. Nf4 Nd7 16. a5 Qh4 17. Rfb1 g5 18. Nd5 c6 19. Qb2 1-0

[Event "Montreal Mercredi 01"]
[Site "Montreal"]
[Date "2012.02.02"]
[Round "4"]
[White "Le Bas, Nicolas"]
[Black "Lizotte, Michel"]
[Result "0-1"]
[WhiteElo "1596"]
[BlackElo "1536"]
[PlyCount "41"]
[EventDate "2012.01.11"]
[EventType "swiss"]
[EventRounds "5"]
[EventCountry "CAN"]
[SourceTitle "EXT 2022"]
[Source "ChessBase"]
[SourceDate "2021.10.06"]
[SourceVersion "1"]
[SourceVersionDate "2021.10.06"]
[SourceQuality "1"]

1. e4 c5 2. Nf3 e6 3. d4 cxd4 4. Nxd4 Nf6 5. Bg5 Be7 6. Nc3 Nc6 7. Ndb5 d5 8. Bxf6 Bxf6 9. exd5 exd5 10. Nxd5 0-0 11. Nbc3 Re8+ 12. Be2 Nd4 13. Nxf6+ Qxf6 14. 0-0 Nxe2+ 15. Nxe2 Qxb2 16. Re1 Bg4 17. f3 Bf5 18. c3 Rad8 19. Qc1 Rxe2 20. Qg5 Qb6+ 21. Kh1 0-1

[Event "Montreal Mercredi 11"]
[Site "Montreal"]
[Date "2010.11.17"]
[Round "1"]
[White "Le Bas, Nicolas"]
[Black "Millette, Sylvain"]
[Result "1/2-1/2"]
[WhiteElo "1567"]
[BlackElo "1561"]
[PlyCount "87"]
[EventDate "2010.11.17"]
[EventType "swiss"]
[EventRounds "5"]
[EventCountry "CAN"]
[SourceTitle "EXT 2013"]
[Source "ChessBase"]
[SourceDate "2012.11.22"]
[SourceVersion "1"]
[SourceVersionDate "2012.11.22"]
[SourceQuality "1"]

1. e4 Nf6 2. e5 Nd5 3. c4 Nb6 4. d4 d6 5. f4 dxe5 6. fxe5 c5 7. d5 g6 8. Nf3 Bg4 9. Bf4 Bg7 10. Nbd2 N8d7 11. h3 Bxf3 12. Nxf3 0-0 13. Qc1 f6 14. e6 Ne5 15. Be2 Nxf3+ 16. Bxf3 Nc8 17. 0-0 Nd6 18. Bg4 f5 19. Bf3 Qb6 20. Rb1 a5 21. Kh1 Ra6 22. Bh6 Bxh6 23. Qxh6 Qd8 24. b3 Rf6 25. Qe3 b6 26. Be2 Ra8 27. g4 Qc7 28. Bd3 f4 29. Rxf4 Raf8 30. Rbf1 Ne8 31. Rxf6 Rxf6 32. Rxf6 Nxf6 33. Kg2 Ne8 34. Qg5 Ng7 35. h4 Qd8 36. h5 Nxe6 37. dxe6 Qxd3 38. hxg6 hxg6 39. Qxe7 Qe2+ 40. Kg3 Qe3+ 41. Kh4 Qh6+ 42. Kg3 Qe3+ 43. Kg2 Qe2+ 44. Kh3 1/2-1/2

[Event "Montreal Mercredi 02"]
[Site "Montreal"]
[Date "2010.03.17"]
[Round "5"]
[White "Le Bas, Nicolas"]
[Black "Baran, Marius"]
[Result "0-1"]
[WhiteElo "1636"]
[BlackElo "1701"]
[PlyCount "64"]
[EventDate "2010.02.17"]
[EventType "tourn"]
[EventRounds "5"]
[EventCountry "CAN"]
[SourceTitle "EXT 2013"]
[Source "ChessBase"]
[SourceDate "2012.11.22"]
[SourceVersion "1"]
[SourceVersionDate "2012.11.22"]
[SourceQuality "1"]

1. e4 c5 2. Nf3 d6 3. d4 cxd4 4. Nxd4 Nf6 5. Nc3 g6 6. Bg5 Bg7 7. Qd2 0-0 8. f3 Nc6 9. Nb3 Be6 10. Nd5 Bxd5 11. exd5 Ne5 12. f4 Ne4 13. Qe3 Nxg5 14. fxe5 h6 15. h4 Nh7 16. 0-0-0 dxe5 17. g4 Qd6 18. Bg2 Rac8 19. Kb1 Rc4 20. g5 h5 21. Qxa7 Rfc8 22. Rd2 f6 23. Bh3 f5 24. Qf2 Nf8 25. Re1 Nd7 26. Bxf5 gxf5 27. Qxf5 Nf8 28. Re4 Qg6 29. Qxg6 Nxg6 30. Rxc4 Rxc4 31. Na5 Rxh4 32. Nxb7 Rh1+ 0-1

[Event "Montreal Saturday op 02"]
[Site "Montreal"]
[Date "2010.02.24"]
[Round "2"]
[White "Le Bas, Nicolas"]
[Black "Gauthier, Luc"]
[Result "0-1"]
[WhiteElo "1636"]
[BlackElo "1654"]
[PlyCount "122"]
[EventDate "2010.02.17"]
[EventType "tourn"]
[EventRounds "5"]
[EventCountry "CAN"]
[SourceTitle "EXT 2011"]
[Source "ChessBase"]
[SourceDate "2010.11.26"]
[SourceVersion "1"]
[SourceVersionDate "2010.11.26"]
[SourceQuality "1"]

1. e4 Nf6 2. e5 Nd5 3. c4 Nb6 4. d4 d6 5. f4 dxe5 6. fxe5 Nc6 7. Be3 Bf5 8. Nf3 e6 9. Nc3 Bg4 10. Be2 Bxf3 11. Bxf3 Nxc4 12. Bxc6+ bxc6 13. Qe2 Nxe3 14. Qxe3 Be7 15. 0-0 0-0 16. Qe4 Rb8 17. Rf2 Qd7 18. Rd1 Bb4 19. Rd3 Rbd8 20. Rc2 c5 21. Ne2 Qd5 22. Qxd5 Rxd5 23. a3 Ba5 24. Rxc5 Rfd8 25. Rxd5 Rxd5 26. b4 Bb6 27. Kf2 c5 28. Rc3 cxd4 29. Rc8+ Rd8 30. Rxd8+ Bxd8 31. Kf3 d3 32. Nf4 d2 33. Ke2 Bc7 34. Nd3 f6 35. exf6 gxf6 36. h3 f5 37. Kxd2 e5 38. Ke3 Kf7 39. a4 Bb6+ 40. Nc5 Ke7 41. Kd3 a5 42. Na6 axb4 43. Nxb4 Kd6 44. Kc4 e4 45. Nd5 e3 46. Nf4 Ke5 47. Ne2 Ke4 48. Nc3+ Kf4 49. Kd3 Ke5 50. Nd1 f4 51. Nb2 Kd5 52. Nd1 h5 53. Nc3+ Ke5 54. Ne2 Ba5 55. Nc3 Bxc3 56. Kxc3 Ke4 57. a5 f3 58. a6 e2 59. Kd2 fxg2 60. a7 e1Q+ 61. Kxe1 g1Q+ 0-1

[Event "Montreal Saturday op 01"]
[Site "Montreal"]
[Date "2010.01.20"]
[Round "3"]
[White "Chiku Ratte, Olivier Kenta"]
[Black "Le Bas, Nicolas"]
[Result "1-0"]
[WhiteElo "1801"]
[BlackElo "1891"]
[PlyCount "61"]
[EventDate "2010.01.06"]
[EventType "tourn"]
[EventRounds "5"]
[EventCountry "CAN"]
[SourceTitle "EXT 2011"]
[Source "ChessBase"]
[SourceDate "2010.11.26"]
[SourceVersion "1"]
[SourceVersionDate "2010.11.26"]
[SourceQuality "1"]

1. d4 Nf6 2. c4 c5 3. d5 g6 4. Nc3 Bg7 5. e4 d6 6. f4 0-0 7. Nf3 e6 8. Be2 exd5 9. cxd5 Re8 10. Nd2 a6 11. a4 Nbd7 12. 0-0 Rb8 13. a5 b5 14. axb6 Qxb6 15. Nc4 Qc7 16. Bf3 Nb6 17. Na5 Bd7 18. Re1 Re7 19. Be3 Rbe8 20. Bf2 Kh8 21. e5 Ng8 22. Bg3 Nh6 23. Ne4 Nf5 24. Bf2 Bb5 25. g4 Qd7 26. gxf5 gxf5 27. Nxd6 Rg8 28. Kh1 f6 29. Nxb5 Qxb5 30. Qe2 Qb4 31. Nc6 1-0